<?xml version="1.0" encoding="UTF-8"?>
<record
    xmlns:xsi="http://www.w3.org/2001/XMLSchema-instance"
    xsi:schemaLocation="http://www.loc.gov/MARC21/slim http://www.loc.gov/standards/marcxml/schema/MARC21slim.xsd"
    xmlns="http://www.loc.gov/MARC21/slim">

  <leader>01780nam a22002417i 4500</leader>
  <datafield tag="999" ind1=" " ind2=" ">
    <subfield code="c">23113</subfield>
    <subfield code="d">23113</subfield>
  </datafield>
  <controlfield tag="003">AR-CdUCM</controlfield>
  <controlfield tag="008">241108b20202020 pe||||| |||| 00| 0 spa d</controlfield>
  <datafield tag="040" ind1=" " ind2=" ">
    <subfield code="a">MUNICIPALIDAD PROVINCIAL DEL CUSCO</subfield>
    <subfield code="c">BIBLIOTECA MUNICIPAL DEL CUSCO</subfield>
  </datafield>
  <datafield tag="082" ind1=" " ind2=" ">
    <subfield code="a">349.853 / D81</subfield>
    <subfield code="b">D81</subfield>
  </datafield>
  <datafield tag="110" ind1=" " ind2=" ">
    <subfield code="a">Direcci&#xF3;n desconcentrada de Cultura del Cusco</subfield>
    <subfield code="9">50781</subfield>
  </datafield>
  <datafield tag="245" ind1=" " ind2=" ">
    <subfield code="a">Marco Normativo sobre pueblos ind&#xED;genas en situaci&#xF3;n de aislamiento y contacto inicial PIACI /</subfield>
  </datafield>
  <datafield tag="260" ind1=" " ind2=" ">
    <subfield code="a">Per&#xFA; : </subfield>
    <subfield code="b">Direcci&#xF3;n desconcentrada de Culturas de Cusco </subfield>
    <subfield code="c">2020</subfield>
  </datafield>
  <datafield tag="300" ind1=" " ind2=" ">
    <subfield code="a">96 p&#xE1;ginas. : </subfield>
    <subfield code="c">21.5 cm</subfield>
  </datafield>
  <datafield tag="505" ind1=" " ind2=" ">
    <subfield code="a">Ley para la protecci&#xF3;n de Pueblos Ind&#xED;genas u Originarios en Situaci&#xF3;n de Aislamiento y en Situaci&#xF3;n de Contacto Inicial -- Reglamento de la Ley para la Protecci&#xF3;n de Pueblos Ind&#xED;genas u Originarios en Situaci&#xF3;n de Aislamiento y en Situaci&#xF3;n de Contacto Inicial  -- Protocolo de actuaci&#xF3;n ante el hallazgo, avistamiento o contacto con Pueblos Ind&#xED;genas en Situaci&#xF3;n de Contacto Inicial -- Decreto Legislativo que establece el R&#xE9;gimen Sancionador por Incumplimiento de las Disposiciones de la Ley N&#xBA; 28736, Ley para la Protecci&#xF3;n de Pueblos Ind&#xED;genas u Originarios en Situaci&#xF3;n de Aislamiento y en Situaci&#xF3;n de Contacto Inicial  --  Reglamento del Decreto Legislativo N&#xBA; 1374, Decreto Legislativo que establece el R&#xE9;gimen Sancionador por Incumplimiento de las Disposiciones de la Ley N&#xBA; 28736, Ley para la Protecci&#xF3;n de Pueblos Ind&#xED;genas u Originarios en Situaci&#xF3;n de Aislamiento y en Situaci&#xF3;n de Contacto Inicial    </subfield>
  </datafield>
  <datafield tag="650" ind1=" " ind2=" ">
    <subfield code="a">Protecci&#xF3;n </subfield>
    <subfield code="9">31052</subfield>
  </datafield>
  <datafield tag="650" ind1=" " ind2=" ">
    <subfield code="a">Leyes</subfield>
    <subfield code="9">4808</subfield>
  </datafield>
  <datafield tag="650" ind1=" " ind2=" ">
    <subfield code="a">Pueblos Originarios</subfield>
    <subfield code="9">50782</subfield>
  </datafield>
  <datafield tag="650" ind1=" " ind2=" ">
    <subfield code="a">Aislamiento</subfield>
    <subfield code="9">50783</subfield>
  </datafield>
  <datafield tag="650" ind1=" " ind2=" ">
    <subfield code="a">Reconocimiento de Pueblos</subfield>
    <subfield code="9">50784</subfield>
  </datafield>
  <datafield tag="942" ind1=" " ind2=" ">
    <subfield code="2">ddc</subfield>
    <subfield code="c">LIBROS</subfield>
  </datafield>
  <datafield tag="945" ind1=" " ind2=" ">
    <subfield code="a">pbj</subfield>
    <subfield code="d">08-11-2024</subfield>
  </datafield>
  <datafield tag="952" ind1=" " ind2=" ">
    <subfield code="0">0</subfield>
    <subfield code="2">ddc</subfield>
    <subfield code="4">0</subfield>
    <subfield code="7">0</subfield>
    <subfield code="a">SH</subfield>
    <subfield code="b">SH</subfield>
    <subfield code="c">CART</subfield>
    <subfield code="d">2024-11-08</subfield>
    <subfield code="e">Donaci&#xF3;n</subfield>
    <subfield code="g">20.00</subfield>
    <subfield code="o">349.853 / D81 </subfield>
    <subfield code="p">SH0000016844</subfield>
    <subfield code="r">2024-11-08</subfield>
    <subfield code="y">LIBROS</subfield>
  </datafield>
</record>
